000 01439cam a2200385 a 4500
001 14233881
003 NUST
005 20221027125634.0
008 060118s2006 nyu b 001 0 eng
010 _a 2006001775
020 _a0791085708
020 _a1853260975
035 _a(OCoLC)ocm63122840
040 _aDLC
_cDLC
_dBAKER
_dC#P
_dGK8
_dYDX
_dDLC
050 0 0 _aPS3511.I9
_bZ6137 2006
082 0 0 _a813.52
_bFIT
100 _a Fitzgerald, Francis Scott
_9101498
245 0 0 _aTender is the night /
_cby Francis Scott Fitzgerald edited Goldman, Arnold; West, James L. W.,.
250 _aUpdated ed.
260 _aNew York :
_bChelsea House Publishers,
_c1995.
300 _aviii, 288 p. ;
_c25 cm.
504 _aIncludes bibliographical references (p. 245-248) and index.
600 1 0 _aFitzgerald, F. Scott
_q(Francis Scott),
_d1896-1940
_xCriticism and interpretation.
_9101499
650 _aFrance--Riviera
_9101500
650 _aWealth--Moral and ethical aspects
_9101501
650 _aPsychiatrists
_9101502
650 _aPsychological fiction
_9101503
650 _aRomance fiction
_911922
650 _aAmerican fiction
_9101504
650 _aMarriage
650 _aMan-woman relationships
_910188
906 _a7
_bcbc
_corignew
_d1
_eecip
_f20
_gy-gencatlg
942 _2ddc
_cBK
999 _c592053
_d592053